| 000 | 00604nam a22002051 4500 | ||
|---|---|---|---|
| 001 | 277758 | ||
| 005 | 20180307091917.0 | ||
| 008 | 850708s1961 nyuac b 000 0 eng | ||
| 010 | _a 60053128 | ||
| 040 |
_aDLC/ICU _cICU _dDLC |
||
| 041 | _aeng | ||
| 080 | _a612.313 ALE | ||
| 082 | 0 | 0 | _a612.313 ALE |
| 100 | 1 | _a11 | |
| 101 | _aBIO | ||
| 245 | 1 | 4 | _aThe physiological regulation of salivary secretions in man; |
| 504 | _aBibliography: p. 83-86. | ||
| 906 |
_a7 _bcbc _corignew _du _eocip _f19 _gy-gencatlg |
||
| 942 |
_2ddc _cBK |
||
| 999 |
_c44343 _d44343 |
||